Score 0/20 Timer 05:00
2 Plays Today
% Correct
Hansel and Gretel
94.8%
Rumpelstiltskin
94.7%
The Golden Goose
91.4%
The Frog Prince
89%
The Six Swans
88.7%
King Thrushbeard
88%
The Poor Man and the Rich Man
87.2%
Snow White and Rose Red
87%
Hans in Luck
86%
The Brother and Sister
84.1%
% Correct
The Lazy Spinning Woman
83.5%
Town Musicians of Bremen
82.5%
The Goose-Girl
80.2%
Cinderella
76.2%
Little Red Riding Hood
67.7%
The Brave Little Tailor
60.4%
The Peasant's Wise Daughter
59.8%
Tom Thumb
59.6%
Sleeping Beauty
57.3%
Puss in Boots
56.8%
Remove Ads.
Support Sporcle.
Get the best of Sporcle when you Go Orange. This ad-free experience offers more features, more stats, and more fun while also helping to support Sporcle. Thank you for becoming a member.

You're not logged in!

Compare scores with friends on all Sporcle quizzes.
OR
Log In

Show Comments

Extras

Top Quizzes Today


Score Distribution

Your Account Isn't Verified!

In order to create a playlist on Sporcle, you need to verify the email address you used during registration. Go to your Sporcle Settings to finish the process.

Report this User

Report this user for behavior that violates our Community Guidelines.

Details: